00608pab a2200181 454500008004000000100001600040245011100056260000900167300001500176362000800191650003100199700001900230700001600249773002600265909001100291999001900302952010500321180718b2017 xxu||||| |||| 00| 0 eng d aHaque, M.E. aConstitutional provisions related to water: integrated planning and management of a river basin - a review c2017 ap.194-210. aJan aWater resources management aTyagi, Avinash aVarma, H.K. aJournal of Governance a113834 c113828d113828 00104070aIIPAbIIPAd2018-07-19hVolume no: 14, Issue no: 7pAR114294r2018-07-19w2018-07-19yAR